| 000 | 01102nam a2200229 i 4500 | ||
|---|---|---|---|
| 001 | 182555 | ||
| 003 | ES-MaACL | ||
| 005 | 20240522063104.0 | ||
| 008 | 130926s1867 sp a | |||||||| | spa d | ||
| 080 | _a94(460) | ||
| 080 | _a94(460.13) | ||
| 100 | 1 |
_aAssas, Manuel de, _d1813-1880 _923648 |
|
| 245 | 1 | 0 |
_aCrónica de la provincia de Santander / _cpor Manuel de Assas. |
| 260 |
_aMadrid : _bRubio y Compañía, _c1867. |
||
| 300 |
_aVII, 126 p., [7] h. de lám., [1] h. de mapas : _bil. ; _c33 cm. |
||
| 490 | 1 | _aCrónica general de España, ó sea Historia ilustrada y descriptiva de sus provincias, sus poblaciones más importantes de la península y de Ultramar | |
| 651 | 4 |
_aCantabria (Comunidad Autónoma)- _xHistoria. _9153443 |
|
| 651 | 4 |
_aCantabria (Comunidad Autónoma)- _xDescripción. _9153444 |
|
| 830 | 0 |
_aCrónica general de España, o sea Historia ilustrada y descriptiva de sus provincias, sus poblaciones más importantes de la península y posesiones de Ultramar _9224862 |
|
| 852 |
_aES-MaACL _jC-1573(6) _z.- Encuadernado con otras obras |
||
| 999 |
_c182555 _d182555 |
||